Normal view
MARC view
Entry Personal Name
001 - CONTROL NUMBER
- control field: 40135
003 - CONTROL NUMBER IDENTIFIER
- control field: OSt
005 - DATE AND TIME OF LATEST TRANSACTION
- control field: 20230825120822.0
008 - FIXED-LENGTH DATA ELEMENTS
- fixed length control field: 230825|| aca||aabn | a|a d
040 ## - CATALOGING SOURCE
- Original cataloging agency: OSt
- Transcribing agency: OSt
100 ## - HEADING--PERSONAL NAME
- Personal name: Uthaman, Vijaya S. and Vasanthagopal, R.
670 ## - SOURCE DATA FOUND
- Source citation: Work cat.: (OSt)522549: Uthaman, Vijaya S. and Vasanthagopal, R. , Key success factors for the e-governance initiatives through common service centres in India: An empirical study with special reference to Akshaya e-kendras in Kerala
